Responses for show #3046 - Monday, November 24, 1997

Bob Harris game 2.

Contestants

Monica Holland, a law student from New York City, New York

Bruce Gilbert, a librarian from Ames, Iowa

Bob Harris, a writer originally from Cleveland, Ohio (whose 1-day cash winnings total $9,600)

Jeopardy! Round responses

TRINIDAD
'70s FADS & FASHIONS
DOC TALK
THE OLD WEST
STANDUP COMICS
"NUT"s TO YOU
    $100 12
Tar/asphalt

Bruce
    $100 6
hot pants

Monica
    $100 16
Stat (Statim)

Monica
    $100 21
Corral

Bob
    $100 1
Ellen DeGeneres

Triple Stumper
    $100 26
The Nutty Professor

Bruce
    $200 11
Tobago

Bruce
    $200 7
a shoe

Bruce
    $200 17
Intravenously

Monica
    $200 22
Wild Bill Hickok

Bruce
    $200 2
Buddy Hackett

Bruce
    $200 27
From soup to nuts

Monica
    $300 9
Calypso

Bob
    $300 8
Puka shells

Triple Stumper
    $300 18
Chronic

Monica
    $300 23
Buffalo

Bob
    $300 3
Paul Lynde

Bob
    $300 28
Lugnuts

Bruce
    $400 10
(Monica: What is the bobsled team?)

track & field

BruceMonica
    $1,000 14
(Alex: And these are the actual skates Gene Kelly wore. I wonder if they would fit me?)

roller disco

Bob
    $400 19
do not resuscitate

Monica
    $400 24
Wagons

Monica
    $400 4
(Bruce: Who is Dr. Guido Sarducci?)

Father Guido Sarducci

BobBruce
    $400 29
The Nutcracker

Monica
    $500 13
Voodoo

Bob
    $500 15
Ray Stevens

Bruce
    $500 20
Retractor

Bob
    $500 25
Tombstone

Bob
    $500 5
Janeane Garofalo

Bob
    $500 30
"The Nutmeg State"

Bob

Scores at the first commercial break (after clue 14):

Bob Bruce Monica
$3,000 $700 -$300

Scores at the end of the Jeopardy! Round:

Bob Bruce Monica
$4,900 $1,800 $1,700

Double Jeopardy! Round responses

FAMOUS AMERICANS
AROUND THE HORN
MOVIE BIOGRAPHIES
ODD GODS
PSYCHOLOGY
STATE ANAGRAMS
    $200 23
(Bob: Who is Andrew Jackson?)

Abraham Lincoln

BobMonica
    $200 13
T.S. Eliot

Triple Stumper
    $200 1
Poseidon

Bob
    $200 7
Dreams

Bruce
    $200 15
Texas

Bob
    $400 19
(Bruce: Who is... [the time expiry signal sounds] [*]?)
...
(Alex: The correct response is [*], but you took a little too long, Bruce.)

Ansel Adams

Bruce
Triple Stumper
    $400 25
a shofar

Monica
    $400 12
Dustin Hoffman

Bob
    $400 2
Navel

Bruce
    $400 3
Learning curve

Bob
    $400 8
Wyoming

Bob
    $600 20
Milton Eisenhower

Bruce
    $600 24
Sousaphone

Bob
    $600 14
(Alex: Bob is laughing; he finds this funny--why?)
(Bob: Oh, because we haven't gotten a clue in two in a row!)

Frederic Chopin

Triple Stumper
    $600 4
Thor

Monica
    $600 9
Sociopath

Bruce
    $600 16
Oregon

Bob
    $800 21
James Oglethorpe

Bob
    $1,500 26
[The Jeopardy! "Think!" music plays.]
(Monica: What is a trumpet?)

the flugelhorn

Monica
    $1,000 28
(Monica: Who is Rudolph Valentino?)
...
(Alex: The film was about Diana Barrymore and he played [*], her father.)

John Barrymore

Monica
    $800 5
Ares

Bob
    $800 10
Transference

Bob
    $800 17
Oklahoma

Bob
    $1000 22
Sarah Caldwell

Triple Stumper
    $1000 27
(Alex: We have less than a minute to go, Monica. Go again.)

an alpenhorn

Triple Stumper
    $1000 29
(Bruce: Who is Hamilton?)
[The end-of-round signal sounds.]

Ken Russell

Bruce
Triple Stumper
    $1000 6
Anubis

Bob
    $1000 11
Tourette's Syndrome

Bruce
    $1000 18
West Virginia

Bruce

Scores at the end of the Double Jeopardy! Round:

Bob Bruce Monica
$11,700 $4,200 $400
(lock game)

[wagering suggestions for these scores]

Final Jeopardy! Round responses

SOUTHERN NOVELISTS
(Alex: I know you started thinking about William Faulkner--maybe, maybe not!)
MonicaWho is Harper Lee?
$300
BruceWho is Rawlings?
$3,000
BobWho was Harper Lee?
$1,000
Harper Lee (author of To Kill a Mockingbird)

Final scores:

Bob Bruce Monica
$12,700 $1,200 $700
2-day champion: $22,300 2nd place: Trip to Hotel Melia Castilla, Madrid, Spain 3rd place: Samsung 8 mm Hi-Fi Stereo Compact Camcorder

Game dynamics:

Coryat scores:

Bob Bruce Monica
$11,100 $4,200 $2,900
23 R
(including 1 DD),
1 W
15 R,
3 W
11 R,
3 W
(including 2 DDs)

Combined Coryat: $18,200

The J! Archive is created by fans, for fans. The Jeopardy! game show and all elements thereof, including but not limited to copyright and trademark thereto, are the property of Jeopardy Productions, Inc. and are protected under law. This website is not affiliated with, sponsored by, or operated by Jeopardy Productions, Inc. Join the discussion at JBoard.tv.